000 01272nam a2200361 i 4500
001 36404
003 KOSZ 005
005 20191213140810.0
008 000214s1999 pl a g f 000 0 pol
015 _aPB 2000/3602
020 _a8387213284
040 _aWA N
_cWA N
_dKOSZ 005/RW
080 _a94(438).082.3
080 _a94(438).083
080 _a314.743
080 _a342.395
080 _a929-052A/Z
100 1 _aDobroński, Adam
_d(1943- ).
_eAutor
245 1 0 _aOstatni prezydent II Rzeczypospolitej - Ryszard Kaczorowski :
_bosiem wieczorów z prezydentem /
_cAdam Czesław Dobroński.
260 _aBiałystok :
_b"Łuk",
_c1999.
300 _a90, [2] stron, [20] stron tablic :
_bilustracje (głównie kolorowe) ;
_c25 cm.
336 _aTekst
_btxt
_2rdacontent
337 _aBez urządzenia pośredniczącego
_bn
_2rdamedia
338 _aWolumin
_bnc
_2rdacarrier
380 _aKsiążki.
600 1 4 _aKaczorowski, Ryszard
_d(1919-2010)
658 _aHistoria
655 4 _aBiografia
610 2 4 _aRząd Rzeczypospolitej Polskiej na uchodźstwie
710 2 _aWydawnictwo Łuk.
_4pbl.
856 _uhttp://koha.tu.koszalin.pl/cgi-bin/koha/opac-detail.pl?biblionumber=36404
_yKatalog online BPK
942 _2UKD
_cKS
999 _c36404
_d36404